Electromagnetic theory / (Record no. 8662)

MARC details
000 -LEADER
fixed length control field 00670cam a22002294a 4500
001 - CONTROL NUMBER
control field 11769836
003 - CONTROL NUMBER IDENTIFIER
control field OSt
005 - DATE AND TIME OF LATEST TRANSACTION
control field 20240619123654.0
008 - FIXED-LENGTH DATA ELEMENTS--GENERAL INFORMATION
fixed length control field 990812s2000 enka b 001 0 eng
010 ## - LIBRARY OF CONGRESS CONTROL NUMBER
LC control number 99044818
020 ## - INTERNATIONAL STANDARD BOOK NUMBER
International Standard Book Number 019850604X
020 ## - INTERNATIONAL STANDARD BOOK NUMBER
International Standard Book Number 0198506031
040 ## - CATALOGING SOURCE
Original cataloging agency DDC
Transcribing agency MUST
082 00 - DEWEY DECIMAL CLASSIFICATION NUMBER
Classification number 530.141 KOV 2000
Edition number 22
100 1# - MAIN ENTRY--PERSONAL NAME
Personal name Kovetz, Attay.
9 (RLIN) 17519
245 10 - TITLE STATEMENT
Title Electromagnetic theory /
Statement of responsibility, etc. Attay Kovetz.
260 ## - PUBLICATION, DISTRIBUTION, ETC. (IMPRINT)
Place of publication, distribution, etc. Oxford ;
-- New York :
Name of publisher, distributor, etc. Oxford University Press,
Date of publication, distribution, etc. 2000.
300 ## - PHYSICAL DESCRIPTION
Extent xiii, 351 p. :
Other physical details ill. ;
Dimensions 24 cm.
504 ## - BIBLIOGRAPHY, ETC. NOTE
Bibliography, etc Includes bibliographical references and indexes
650 #0 - SUBJECT ADDED ENTRY--TOPICAL TERM
Topical term or geographic name as entry element Electromagnetic theory.
9 (RLIN) 15573
942 ## - ADDED ENTRY ELEMENTS (KOHA)
Source of classification or shelving scheme Dewey Decimal Classification
Koha item type Open Shelf
Holdings
Withdrawn status Lost status Source of classification or shelving scheme Damaged status Not for loan Home library Current library Source of acquisition Inventory number Total Checkouts Full call number Barcode Date last seen Koha item type
    Dewey Decimal Classification     MUST Main Library MUST Main Library Donation 10/32074   530.141 KOV 2000 2024-20929 19/06/2024 Open Shelf